All Geometry Dash Game Modes - Statistics

General Stats
  • This quiz has been taken 26 times
  • The average score is 8 of 8
Answer Stats
Update Game Mode % Correct
1.0 Cube
100%
1.0 Ship
100%
2.1 Spider
100%
1.2 Ball
94%
2.0 Robot
94%
1.5 UFO
94%
2.2 Swing
88%
1.9 Wave
88%
No matching quizzes found
Score Distribution
Percent of People with Each Score
Percentile by Number Answered
Your Score History
You have not taken this quiz